Country Shapes: Non-Island Countries with Islands - Statistics

General Stats
  • This quiz has been taken 23 times
    14 since last reset
  • The average score is 17 of 20
Answer Stats
Picture Answer % Correct
Denmark
100%
Panama
100%
Croatia
92%
Eritrea
92%
Italy
92%
Oman
92%
Spain
92%
Venezuela
92%
Yemen
92%
Finland
85%
Malaysia
85%
South Korea
85%
Sweden
85%
Tunisia
85%
Equatorial Guinea
77%
Guinea-Bissau
77%
Kuwait
77%
Belize
69%
Estonia
69%
Tanzania
69%
No matching quizzes found
Score Distribution
Percent of People with Each Score
Percentile by Number Answered
Your Score History
You have not taken this quiz since the last reset